00622 2200217 4500001002100000005001500021035002000036007000300056008004100059020001800100082000800118084001400126100002100140245005700161250001000218260004900228300002100277500006000298650002100358990002500379INLIS00000000000276020260204113628 a0010-0226000011ta260204 g 1 ind  a9786020339559 a823 a823 CHR d0 aChristie, Agatha1 aDead Man's Folly= Kubur Berkubah /cChristie, Agatha aed. 1 aJakarta :bPT. Gramedia Pustaka Utama,c2018 a296 hlm ;c18 cm aDead Man's Folly= Kubur Berkubah Karya Agatha Christie 4aFiksi Terjemahan a04991/H/SMAN2TS/2026